| 000 | 00318nam a22001337a 4500 | ||
|---|---|---|---|
| 999 |
_c528125 _d528125 |
||
| 003 | NUST | ||
| 038 | _aM.Ramzan | ||
| 082 |
_a625.734 _bJOH |
||
| 100 |
_aJohnson, Frank L _919700 |
||
| 245 |
_aDrainage of highway pavements / _cFrank L, Johnson |
||
| 260 |
_aMclean _bFHWA |
||
| 300 |
_a151 P, : _c25cm |
||
| 942 |
_2ddc _cBK |
||